ბათუმის შოთა რუსთაველის სახელმწიფო უნივერსიტეტის ბიბლიოთეკა

მედიცინის ისტორია და ზოგადი თეორია (ბიბ.ჩანაწერი № 49288)

000 -LEADER
fixed length control field 01125nam a2200253Ia 4500
001 - CONTROL NUMBER
control field 16204
003 - CONTROL NUMBER IDENTIFIER
control field GE_BSU
008 - FIXED-LENGTH DATA ELEMENTS--GENERAL INFORMATION
fixed length control field 181216s||||||||xx |||||||||||||| ||und||
020 ## - INTERNATIONAL STANDARD BOOK NUMBER
International Standard Book Number - ISBN 978-9941-0-1876-3
040 ## - CATALOGING SOURCE
Transcribing agency GE_BSU
080 ## - UNIVERSAL DECIMAL CLASSIFICATION NUMBER
Universal Decimal Classification number 61(09)(075.8)
100 ## - MAIN ENTRY--PERSONAL NAME
Personal name შენგელია, რამაზ
245 ## - TITLE STATEMENT
Title მედიცინის ისტორია და ზოგადი თეორია
245 ## - TITLE STATEMENT
Remainder of title წ. 1-2 : ძველი აღმოსავლეთი. დასავლეთის სამედიცინო ტრადიციები.სახელმძღვ.
245 ## - TITLE STATEMENT
Statement of responsibility, etc. რედ:ნუნუ მინდაძე;ნანი ხელაია
260 ## - PUBLICATION, DISTRIBUTION, ETC.
Place of publication, distribution, etc. თბილისი
260 ## - PUBLICATION, DISTRIBUTION, ETC.
Name of publisher, distributor, etc. ენგადი
260 ## - PUBLICATION, DISTRIBUTION, ETC.
Date of publication, distribution, etc. 2012.
300 ## - PHYSICAL DESCRIPTION
Extent 186გვ;ილ;28სმ
653 ## - INDEX TERM--UNCONTROLLED
Uncontrolled term მედიცინა
653 ## - INDEX TERM--UNCONTROLLED
Uncontrolled term მედიცინის ისტორია - სახელმძღვანელოები უმაღლესი სასწავლებლებისათვის;
942 ## - ADDED ENTRY ELEMENTS (KOHA)
Koha item type წიგნი
ეგზემპლარები
Withdrawn status Lost status Damaged status Not for loan Date acquired Barcode Date last seen Price effective from Koha item type
        2018-12-17 39936 2018-12-17 2018-12-17 წიგნი
        2018-12-17 39937 2018-12-17 2018-12-17 წიგნი
        2018-12-17 39938 2018-12-17 2018-12-17 წიგნი
        2018-12-17 39939 2018-12-17 2018-12-17 წიგნი
        2018-12-17 39940 2018-12-17 2018-12-17 წიგნი